000 00217nam a22000857a 4500
999 _c7012
_d7012
008 170622b xxu||||| |||| 00| 0 eng d
020 _a9788177000313
100 _93622
_aArora. S
245 _aInformation practices
260 _aNew delhi
_bDhanapat
_c2010